000 00648nam a22002171 4500
001 sa 65008278
003 DLC
005 20260227112155.0
008 790608s1964 io a 00000 ind
010 _asa 65008278 //r792
025 _aPL480:Indo-1987
043 _aa-io---
050 0 _aHQ799.I6
_bG43 1964
110 2 0 _aGerakan Pendidikan Kepanduan Praja Muda Karana.
245 1 0 _aPetundjuk pemimpin penggalang Gerakan Pramuka,
_cdisusun oleh Mh. Takijoeddin dkk.
250 _aTjet. 2.
260 0 _aBandung,
_bPelita Masa,
_c1964.
300 _a94 p.
_billus.
_c18 cm.
650 0 _aYouth
_zIndonesia.
700 1 0 _aTakijoeddin, Mh.,
_eed.
999 _c65674
_d65674